[Event "AUTO-OPEN-3046"]
[Site "http://www.queenalice.com/game.php?id=1204552"]
[Date "2013.8.2"]
[Round "1"]
[White "Parma"]
[Black "MrMarks"]
[Result "1-0"]
[WhiteElo "1860"]
[BlackElo "1589"]

1. d4 e6 2. c4 Bb4+ 3. Bd2 Qe7 4. a3 Bxd2+ 5. Nxd2 Nf6 6. e3 Nc6 7. Ngf3 d6 8.
Be2 e5 9. d5 Na5 10. Qa4+ c6 11. Qxa5 c5 12. e4 O-O 13. O-O Bg4 14. h3 Bxf3 15.
Bxf3 b6 16. Qc3 a5 17. b4 axb4 18. axb4 Rxa1 19. Rxa1 h5 20. bxc5 bxc5 21. Ra6
Qc7 22. Rc6 Qd7 23. Qa5 Qb7 24. Qb6 Qxb6 25. Rxb6 Ra8 26. Kf1 g5 27. Rxd6 Kg7
28. Rc6 g4 29. hxg4 hxg4 30. Be2 Ra1+ 31. Bd1 Rxd1+ 32. Ke2 Rg1 33. g3 Rg2 34.
Rxc5 Nh5 35. Kf1 Rh2 36. Kg1 Rh3 37. d6 Nf6 38. Rxe5 Kg6 39. c5 Nd7 40. Rf5 f6
41. c6 Nb6 42. c7 Kf7 43. Rb5 Nd7 44. c8=Q Ke6 45. Rb7 Kxd6 46. Qxd7+ Kc5 47.
Rc7+ Kb4 48. Qc8 Kb5 49. Qb8+ 1-0

[Event "AUTO-INT-2693"]
[Site "http://www.queenalice.com/game.php?id=1204687"]
[Date "2013.8.2"]
[Round "1"]
[White "aurelianobuendia"]
[Black "MrMarks"]
[Result "1-0"]
[WhiteElo "1553"]
[BlackElo "1581"]

1. d4 e6 2. e4 Bb4+ 3. c3 Ba5 4. e5 d5 5. Qa4+ Nc6 6. Bb5 Bd7 7. Nf3 a6 8. Bxc6
Bxc6 9. Qxa5 b6 10. Qb4 a5 11. Qb3 f6 12. Bf4 a4 13. Qc2 g5 14. Qg6+ hxg6 15.
Bg3 f5 16. O-O Bb5 17. Rc1 g4 18. Nfd2 g5 19. Na3 f4 20. Nxb5 fxg3 21. fxg3 Nh6
22. Rf1 Nf5 23. c4 Ne3 24. Rf6 Rf8 25. Nf1 Nxc4 26. Rb1 c6 27. Rxe6+ Kd7 28. Rg6
cxb5 29. Re1 Qe7 30. e6+ Kc6 31. b3 Nb2 32. Ne3 axb3 33. axb3 Rfe8 34. Nxg4 Nd3
35. Rd1 Nb2 36. Ne5+ Kd6 37. Rc1 Rec8 38. Nf7+ Qxf7 39. exf7+ Ke7 40. Rf1 Rf8
41. Rxg5 Rxf7 42. Rxd5 Rxf1+ 43. Kxf1 Ra1+ 44. Ke2 Rd1 45. Rxb5 Rxd4 46. Rxb6
Re4+ 47. Kf3 Re5 48. b4 Nc4 49. Kf4 Rh5 50. Rb7+ Kf6 51. h4 Ne5 52. Rb6+ Kf7 53.
b5 Ng6+ 54. Kg4 Rc5 55. h5 Ne5+ 56. Kh4 Rc4+ 57. Kg5 Rg4+ 58. Kf5 Rxg3 59. Kxe5
Rg5+ 60. Kf4 Rxh5 61. Rb7+ Kf6 62. b6 Rf5+ 63. Kg4 Kg6 64. Rc7 Rb5 65. Rc6+ Kf7
66. Kf4 Rb4+ 67. Kf5 Ke7 68. Re6+ Kd7 69. g4 Rb5+ 70. Kf6 Kc8 71. g5 Kb7 72. g6
Rxb6 73. Rxb6+ Kxb6 74. g7 Kc6 75. g8=Q Kd6 76. Qe6+ Kc5 77. Ke5 Kb4 78. Qd5 Kc3
79. Qd4+ Kb3 80. Ke4 Kc2 81. Ke3 Kb3 82. Kd2 Ka3 83. Kc2 Ka2 84. Qb2# 1-0

[Event "AUTO-OPEN-3047"]
[Site "http://www.queenalice.com/game.php?id=1204951"]
[Date "2013.8.3"]
[Round "1"]
[White "ChessTitan1664"]
[Black "MrMarks"]
[Result "1-0"]
[WhiteElo "1500"]
[BlackElo "1583"]

1. e4 e5 2. Nf3 Qf6 3. c3 Bc5 4. d4 exd4 5. cxd4 Bb4+ 6. Nc3 Qc6 7. Qb3 a5 8.
Bd3 Ne7 9. Ne5 Qd6 10. Qxf7+ Kd8 11. Qxg7 Rg8 12. Nf7+ Ke8 13. Nxd6+ cxd6 14.
Qxh7 Bxc3+ 15. bxc3 d5 16. exd5 d6 17. h4 Nd7 18. Bg5 Rg6 19. Qxe7# 1-0

[Event "AUTO-OPEN-3047"]
[Site "http://www.queenalice.com/game.php?id=1204952"]
[Date "2013.8.3"]
[Round "1"]
[White "MrMarks"]
[Black "ChessTitan1664"]
[Result "1-0"]
[WhiteElo "1552"]
[BlackElo "1533"]

1. e4 c5 2. Bc4 Nc6 3. Qf3 Ne5 4. Qf4 Nxc4 5. b3 Nd6 6. Nf3 h6 7. Ne5 g5 8. Qf3
Bg7 9. Bb2 Nf6 10. Na3 Ndxe4 11. Qe3 d6 12. Ng4 Nxg4 13. Qxe4 Bxb2 14. Qa4+ Bd7
15. Qe4 Bxa1 16. O-O Be5 17. f3 Nxh2 18. Rf2 Bc6 19. Qe3 Bd4 20. Qe2 Bxf2+ 21.
Qxf2 1-0

[Event "AUTO-OPEN-3047"]
[Site "http://www.queenalice.com/game.php?id=1204973"]
[Date "2013.8.3"]
[Round "1"]
[White "capablanca2014"]
[Black "MrMarks"]
[Result "1-0"]
[WhiteElo "1811"]
[BlackElo "1583"]

1. d4 d5 2. Bg5 f6 3. Bh4 g5 4. Bg3 Nc6 5. e3 h5 6. h4 g4 7. c4 dxc4 8. Bxc4 e6
9. Ne2 Bb4+ 10. Nbc3 Nh6 11. Nf4 Bxc3+ 12. bxc3 e5 13. Nxh5 exd4 14. cxd4 Qe7
15. O-O Bf5 16. Bd5 Nb4 17. Bxb7 Rd8 18. Qa4+ Bd7 19. Qxa7 O-O 20. Qc5 Qxc5 21.
dxc5 c6 22. a3 Nd5 23. Ba6 Ra8 24. Bc4 Be6 25. Bxd5 Bxd5 26. Nf4 Bc4 27. Rfc1
Ra4 28. Rd1 Nf5 29. h5 Ra5 30. Ng6 Rf7 31. e4 Nh6 32. Rd8+ Kh7 33. Bd6 f5 34.
Rh8+ Kg7 35. Be5+ Rf6 36. Bxf6+ Kxf6 37. Rxh6 fxe4 38. Rh8 Rxc5 39. Rc1 Kg5 40.
Ne5 Rxe5 41. Rxc4 c5 42. Rc8 Kf4 43. R8xc5 Re7 44. Rc3 Rd7 45. g3# 1-0

[Event "AUTO-OPEN-3047"]
[Site "http://www.queenalice.com/game.php?id=1204974"]
[Date "2013.8.3"]
[Round "1"]
[White "MrMarks"]
[Black "capablanca2014"]
[Result "0-1"]
[WhiteElo "1590"]
[BlackElo "1500"]

1. e4 d5 2. e5 c5 3. c4 d4 4. Bd3 Nc6 5. Nf3 Bg4 6. h3 Bxf3 7. Qxf3 Nxe5 8. Qe4
Nxd3+ 9. Qxd3 Nf6 10. a3 e5 11. Qf3 e4 12. Qf5 Be7 13. O-O O-O 14. f4 h6 15. g4
g6 16. Qe5 Bd6 17. Qxf6 Qxf6 18. a4 Bxf4 19. Kg2 Qg5 20. d3 Bxc1 21. Na3 Bxb2
22. Ra2 Bxa3 23. Rxa3 e3 24. Re1 f5 25. Ra2 fxg4 26. hxg4 Qxg4+ 27. Kh1 Qh4+ 28.
Rh2 Qxe1+ 0-1

[Event "AUTO-INT-2694"]
[Site "http://www.queenalice.com/game.php?id=1205202"]
[Date "2013.8.4"]
[Round "1"]
[White "Altos"]
[Black "MrMarks"]
[Result "0-1"]
[WhiteElo "1504"]
[BlackElo "1564"]

1. e4 e5 2. Nf3 f6 3. Bc4 Nh6 4. d3 Bb4+ 5. Bd2 Bc5 6. h3 g5 7. Nc3 g4 8. hxg4
Nxg4 9. Be3 Bb4 10. Bd2 c5 11. a3 Bxc3 12. Bxc3 d6 0-1

[Event "AUTO-INT-2694"]
[Site "http://www.queenalice.com/game.php?id=1205203"]
[Date "2013.8.4"]
[Round "1"]
[White "MrMarks"]
[Black "Altos"]
[Result "1-0"]
[WhiteElo "1578"]
[BlackElo "1490"]

1. e4 c5 2. Bc4 e6 3. e5 d6 4. f4 dxe5 5. fxe5 Nc6 6. Bb5 Bd7 7. Bxc6 Bxc6 8.
Nh3 Bxg2 9. Rg1 Bxh3 10. Qf3 Bf5 11. Na3 Ne7 12. Nc4 Nd5 13. d3 1-0

[Event "AUTO-INT-2694"]
[Site "http://www.queenalice.com/game.php?id=1205214"]
[Date "2013.8.4"]
[Round "1"]
[White "Lopesq"]
[Black "MrMarks"]
[Result "1-0"]
[WhiteElo "1751"]
[BlackElo "1569"]

1. Nf3 f6 2. d4 d5 3. c3 e5 4. dxe5 Be6 5. exf6 gxf6 6. e3 Nh6 7. Be2 Bg4 8.
Nbd2 f5 9. h3 Qh4 10. Nxh4 Nd7 11. hxg4 fxg4 12. Bxg4 Ne5 13. Be2 c6 14. Bh5+
Kd8 15. Qb3 b5 16. Nhf3 Nc4 17. Nxc4 bxc4 18. Qd1 a5 19. Qd4 Rg8 20. Qb6+ Ke7
21. Qb7+ Kd6 22. Qxa8 Nf5 23. Qb8+ Kc5 24. Qa7+ Kd6 25. Qf7 Rxg2 26. Qxf8+ Ne7
27. Qf6+ Kd7 28. Ne5+ Kd8 29. Nxc6+ Kd7 30. Nxe7 a4 31. Nxd5 a3 32. Nb6+ Kc7 33.
Bf3 Rg6 34. Rxh7+ 1-0

[Event "AUTO-INT-2694"]
[Site "http://www.queenalice.com/game.php?id=1205215"]
[Date "2013.8.4"]
[Round "1"]
[White "MrMarks"]
[Black "Lopesq"]
[Result "0-1"]
[WhiteElo "1589"]
[BlackElo "1746"]

1. e4 e5 2. Nf3 d6 3. d4 Bg4 4. h3 Bh5 5. g4 Bg6 6. Bg5 f6 7. Bh4 Bxe4 8. Nc3
Bxf3 9. Qxf3 Nd7 10. Qxb7 Rb8 11. Qxa7 Be7 12. Nd5 c6 13. Nc7+ Kf7 14. Bc4+ d5
15. Bb3 e4 16. c4 Bd6 17. Na6 Ra8 18. Qb7 Ne7 19. c5 Bf4 20. Ba4 Qa5+ 21. Ke2
Qd2+ 22. Kf1 Qd3+ 23. Kg2 Rxa6 24. Bxc6 Qf3+ 25. Kg1 Qe2 26. Qxd7 Qxb2 27. Bxd5+
Kg6 28. Qxe7 Qxa1+ 29. Kg2 Qxd4 30. Qf7+ Kh6 31. c6 Qe5 32. Qd7 Ra3 33. Bb3 e3
34. c7 Qe4+ 35. Kg1 e2 36. f3 e1=Q+ 37. Kg2 Qxh1+ 38. Kxh1 Qxf3+ 39. Kg1 Be3+
40. Kh2 Qe2+ 41. Kh1 Qf1+ 42. Kh2 Bf4+ 43. Bg3 Qe2+ 44. Kh1 Bxg3 45. Qf5 Qh2#
0-1

[Event "AUTO-INT-2694"]
[Site "http://www.queenalice.com/game.php?id=1205220"]
[Date "2013.8.4"]
[Round "1"]
[White "santanacampos"]
[Black "MrMarks"]
[Result "1-0"]
[WhiteElo "1706"]
[BlackElo "1583"]

1. e3 e5 2. Nf3 f6 3. Nc3 Bb4 4. Bc4 Ne7 5. Nd5 Nxd5 6. Bxd5 c6 7. Bb3 d5 8. c3
Ba5 9. O-O Bg4 10. d4 e4 11. h3 exf3 12. hxg4 fxg2 13. Kxg2 O-O 14. Qd3 g6 15.
Bc2 Qd6 16. Rh1 f5 17. b4 Bc7 18. gxf5 gxf5 19. Ba3 f4 20. Qxh7# 1-0

[Event "AUTO-INT-2694"]
[Site "http://www.queenalice.com/game.php?id=1205221"]
[Date "2013.8.4"]
[Round "1"]
[White "MrMarks"]
[Black "santanacampos"]
[Result "0-1"]
[WhiteElo "1572"]
[BlackElo "1745"]

1. e4 e6 2. Nf3 Be7 3. h4 Nf6 4. Qe2 O-O 5. d3 Qe8 6. Nd4 e5 7. Nf5 d6 8. Bg5
Bxf5 9. Bxf6 Be6 10. Bxg7 Kxg7 11. h5 h6 12. Nd2 Bg5 13. Nf3 Qb5 14. Nxg5 hxg5
15. h6+ Kh7 16. b3 Nc6 17. c3 Rh8 18. Qf3 g4 19. Qf6 Rag8 20. c4 Qb4+ 21. Kd1
Nd4 22. Rb1 b5 23. f3 bxc4 24. fxg4 Bxg4+ 25. Be2 Bxe2+ 26. Kc1 Qc3# 0-1

[Event "AUTO-INT-2693"]
[Site "http://www.queenalice.com/game.php?id=1232261"]
[Date "2013.11.14"]
[Round "2"]
[White "Sigmund"]
[Black "MrMarks"]
[Result "1-0"]
[WhiteElo "1776"]
[BlackElo "1636"]

1. e4 e5 2. Nf3 Nc6 3. Bb5 Nb4 4. O-O f6 5. a3 c6 6. Ba4 Na6 7. d4 d6 8. d5 Bd7
9. Nc3 Ne7 10. b4 b5 11. Bb3 f5 12. Bg5 h6 13. Bh4 g5 14. Bxg5 hxg5 15. Nxg5
fxe4 16. Ncxe4 Nc8 17. dxc6 Bxc6 18. Qf3 Qe7 19. Bf7+ Kd8 20. Ne6+ Kd7 21. Nf6+
Qxf6 22. Qxf6 Ne7 23. Qxh8 e4 24. Nxf8+ Kc7 25. Ne6+ Kb7 26. Qd4 Rc8 27. Qxd6
Nf5 28. Qe5 Nh4 29. Nc5+ Nxc5 30. Qxc5 Rc7 31. Bd5 Bxd5 32. Qxb5+ Kc8 33. Qxd5
Rxc2 34. Rac1 Rxc1 35. Rxc1+ 1-0

[Event "AUTO-INT-2693"]
[Site "http://www.queenalice.com/game.php?id=1232262"]
[Date "2013.11.14"]
[Round "2"]
[White "MrMarks"]
[Black "Sigmund"]
[Result "0-1"]
[WhiteElo "1649"]
[BlackElo "1765"]

1. e4 e5 2. Qf3 Nf6 3. Nc3 Nc6 4. Qe3 Nb4 5. Bd3 a6 6. a3 Nc6 7. b4 b5 8. Nf3 h6
9. Nd5 Bd6 10. Bb2 O-O 11. O-O-O Ng4 12. h3 Nxe3 13. fxe3 Bb7 14. g4 Ne7 15. g5
h5 16. h4 Nxd5 17. exd5 Bxd5 18. e4 Be6 19. Bxe5 Bg4 20. Bxd6 cxd6 21. Rdf1 g6
22. Nd4 Qe7 23. c4 Rac8 24. Be2 Bxe2 25. Nxe2 Rxc4+ 26. Nc3 Qxe4 27. Re1 Qd3 28.
Rh2 d5 29. Kd1 Rxc3 30. Rhe2 Qc2# 0-1

[Event "AUTO-INT-2693"]
[Site "http://www.queenalice.com/game.php?id=1232265"]
[Date "2013.11.14"]
[Round "2"]
[White "YUDAO"]
[Black "MrMarks"]
[Result "1-0"]
[WhiteElo "1736"]
[BlackElo "1613"]

1. e4 e5 2. Nf3 d6 3. g3 Bg4 4. Bg2 Nf6 5. O-O Nxe4 6. Qe1 Bxf3 7. Bxf3 Nc5 8.
Nc3 c6 9. d3 d5 10. Qxe5+ Ne6 11. Bh5 Nd7 12. Qe2 g6 13. Bf3 h5 14. d4 a6 15. a4
b5 16. axb5 cxb5 17. Bxd5 Ra7 18. Bxe6 fxe6 19. Qxe6+ Qe7 20. Qxg6+ Qf7 21. Re1+
Be7 22. Qc6 O-O 23. Be3 Nb8 24. Qb6 Bb4 25. f4 Bxc3 26. bxc3 Re7 27. Qc5 Nd7 28.
Qg5+ Kh7 29. Rxa6 Rg8 30. Rh6# 1-0

[Event "AUTO-INT-2693"]
[Site "http://www.queenalice.com/game.php?id=1232266"]
[Date "2013.11.14"]
[Round "2"]
[White "MrMarks"]
[Black "YUDAO"]
[Result "0-1"]
[WhiteElo "1624"]
[BlackElo "1742"]

1. e4 e5 2. Nf3 Nc6 3. Bb5 a6 4. Bxc6 bxc6 5. Nxe5 Bd6 6. Nc4 Qe7 7. d3 Bb7 8.
O-O O-O-O 9. Nc3 f6 10. Na5 Qe5 11. g3 Qxa5 12. Bf4 Bxf4 13. gxf4 f5 14. Qh5 Nf6
15. Qg5 h6 16. Qxg7 Rhg8 17. Qg2 Rxg2+ 18. Kxg2 fxe4 19. dxe4 Qh5 20. f3 Rg8+
21. Kf2 Qxh2+ 22. Ke3 Qxc2 23. Nd1 c5 24. e5 Nd5# 0-1

[Event "AUTO-INT-2693"]
[Site "http://www.queenalice.com/game.php?id=1232267"]
[Date "2013.11.14"]
[Round "2"]
[White "AfeuLira"]
[Black "MrMarks"]
[Result "1-0"]
[WhiteElo "2102"]
[BlackElo "1638"]

1. d4 d6 2. e4 Nf6 3. Nc3 c6 4. Nf3 Bg4 5. Be2 Bxf3 6. Bxf3 d5 7. exd5 cxd5 8.
Bg5 Nfd7 9. O-O f6 10. Be3 Nb6 11. Re1 e5 12. dxe5 fxe5 13. Nxd5 Nxd5 14. Bxd5
Nd7 15. Bf4 Bc5 16. Bxe5 Qh4 17. Bf6+ Kf8 18. Bxh4 h6 19. Qf3+ Nf6 20. Bxf6 gxf6
21. Qxf6# 1-0

[Event "AUTO-INT-2693"]
[Site "http://www.queenalice.com/game.php?id=1232268"]
[Date "2013.11.14"]
[Round "2"]
[White "MrMarks"]
[Black "AfeuLira"]
[Result "0-1"]
[WhiteElo "1626"]
[BlackElo "2053"]

1. e4 c5 2. c4 e6 3. e5 Ne7 4. d3 Ng6 5. f4 d6 6. Nf3 dxe5 7. fxe5 Nc6 8. Bg5
Be7 9. h4 Ngxe5 10. Bxe7 Qxe7 11. Nbd2 O-O 12. a4 Rd8 13. b3 Nxd3+ 14. Bxd3 Rxd3
15. Ng5 h6 16. Nge4 Nb4 17. Nf2 Rd6 18. O-O b6 19. Qe2 Bb7 20. Nde4 Rd7 21. Qh5
Rd4 22. Rad1 Rad8 23. g4 Bxe4 24. Rfe1 Bf3 25. Rxd4 Rxd4 26. Re3 Ba8 27. g5 Qb7
28. gxh6 Qg2# 0-1